00901nam a2200253 a 450000100100000000500170001000800410002702000180006804000250008608200260011110000390013724500590017625000120023526000340024730000210028149000180030250000700032065000250039065000290041583000250044491000370046995201240050699900170063000004141420201002034852.0131003s1998 sp 000 f spa d a9788472236554 aDO-SdBNPbspacBNPHU aCh863.44bS479v, 19981 aSepúlveda, Luís,d1949-91264813aUn viejo que leia novelas de amor /cLuis Sepúlveda. a41a ed. aBarcelona :bTusQuest,c1998. a137 p. ;c21 cm.1 aAndanzasv180 aIncluye datos biográficos del autor en la solapa de la cubierta 4aNovela chilena93163 4aLiteratura chilena93164 0aAndanzasn180968080 aValidado. Control de calidad MFF 001050718MOaGRbGRcHDd2013-10-03iLF1l0oCh863.44 S479v, 1998p41414-10r2020-06-25w2020-06-25y1ZNo se presta c40904d40904